00606nam a2200157 a 450000500170000000800410001702000180005805000200007610000180009624501140011426000400022830000090026852000980027765000360037565000370041120140412111421.0080105s19uu xx 00 eng d a0-439-70745-5 aM 808bL51 2004 aLeedy, Loreen aLook at my book :bHow kids can write & illustrate terrific books /cWritten and illustrated by Loreen Leedy. aNew York :bScholastic Inc,cc2004. a32p. aProvides ideas and simple directions for writing, illustrating, designing, and binding books. aAuthorshipxJuvenile literature aBook DesignxJuvenile literature